Catálogo
 En Linea

República Dominicana : (Registro nro. 28456)

Detalles MARC
000 -CABECERA
campo de control de longitud fija 01260nam a2200277 a 4500
001 - NÚMERO DE CONTROL
campo de control 000028964
003 - IDENTIFICADOR DEL NÚMERO DE CONTROL
campo de control DO-SdBNP
005 - FECHA Y HORA DE LA ÚLTIMA TRANSACCIÓN
campo de control 20230119144240.0
007 - CAMPO FIJO DE DESCRIPCIÓN FÍSICA--INFORMACIÓN GENERAL
campo de control de longitud fija ta
008 - DATOS DE LONGITUD FIJA--INFORMACIÓN GENERAL
campo de control de longitud fija 110412s2010 dr bc 000 0 spa d
020 ## - NÚMERO INTERNACIONAL ESTÁNDAR DEL LIBRO
Número Internacional Estándar del Libro 9789945074000
040 ## - FUENTE DE LA CATALOGACIÓN
Centro catalogador/agencia de origen DO-SdBNP
Lengua de catalogación spa
Centro/agencia transcriptor BNPHU
082 #4 - NÚMERO DE LA CLASIFICACIÓN DECIMAL DEWEY
Número de documento/Ítem S486r
Número de edición 22
100 1# - ENTRADA PRINCIPAL--NOMBRE DE PERSONA
Nombre de persona Serna Moreno, Jesús María
9 (RLIN) 55900
245 10 - MENCIÓN DE TÍTULO
Título República Dominicana :
Resto del título identidad y herencias etnoculturales indígenas /
Mención de responsabilidad, etc. Jesús María Serna Moreno; Prólogo, Franklin Franco.
260 ## - PUBLICACIÓN, DISTRIBUCIÓN, ETC.
Lugar de publicación, distribución, etc. Santo Domingo :
Nombre del editor, distribuidor, etc. Archivo General de la Nación,
Fecha de publicación, distribución, etc. 2010
300 ## - DESCRIPCIÓN FÍSICA
Extensión 148 p. :
Otras características físicas mapa, retrs. ;
Dimensiones 23 cm.
490 0# - MENCIÓN DE SERIE
Mención de serie Archivo de la Nación ;
Designación de volumen o secuencia 108
501 ## - NOTA DE "CON"
Nota de “Con” Con: Cubierta: Mapa que indica la distribución política que tenía la isla cuando en 1492 la descubrió Colón y las fundaciones de los españoles en los primeros días de la conquista, según el Diario de la navegación de aquel marino y la Apologética historia sumaria de Fray Bartolomé de las Casas (por Casimiro N. Moya).
504 ## - NOTA DE BIBLIOGRAFÍA, ETC.
Nota de bibliografía, etc. Incluye referencias bibliográficas y notas al pie de las páginas
504 ## - NOTA DE BIBLIOGRAFÍA, ETC.
Nota de bibliografía, etc. Bibliografía : p. 137-140
590 ## - NOTA LOCAL (RLIN)
Nota local Inventariado 2023 / MF
700 12 - PUNTO DE ACCESO ADICIONAL--NOMBRE DE PERSONA
Nombre de persona Franco, Franklin,
Término indicativo de función/relación pról.
9 (RLIN) 34451
910 ## - DATOS DE OPCIÓN DEL USUARIO (OCLC)
Datos de opción del usuario MFeliz
942 ## - ELEMENTOS DE PUNTO DE ACCESO ADICIONAL (KOHA)
Fuente del sistema de clasificación o colocación Dewey Decimal Classification
Tipo de ítem Koha Libro
Existencias
Estado de retiro Estado de pérdida Fuente del sistema de clasificación o colocación Restricciones de uso No para préstamo Código de colección Localización permanente Ubicación/localización actual Ubicación en estantería Fecha de adquisición Signatura topográfica completa Código de barras Fecha visto por última vez Precio válido a partir de Tipo de ítem Koha Número de copia Fuente de adquisición Total de préstamos
    Dewey Decimal Classification Excluido de préstamo   Patrimonio Dominicano Biblioteca Nacional Pedro Henríquez Ureña Biblioteca Nacional Pedro Henríquez Ureña En catalogación 12.04.2011 S486r 28964-10 25.06.2020 25.06.2020 Libro      
    Dewey Decimal Classification Excluido de préstamo   Patrimonio Dominicano Biblioteca Nacional Pedro Henríquez Ureña Biblioteca Nacional Pedro Henríquez Ureña En catalogación 15.04.2011 S486r 28964-20 25.06.2020 25.06.2020 Libro e. 2    
    Dewey Decimal Classification Préstamo en sala   Dominicana de Servicio Biblioteca Nacional Pedro Henríquez Ureña Biblioteca Nacional Pedro Henríquez Ureña En catalogación 19.07.2018 S486r 2023-0304 19.01.2023 19.01.2023 Libro e.3 Donado por CERTV  
    Dewey Decimal Classification Préstamo en sala   Dominicana de Servicio Biblioteca Nacional Pedro Henríquez Ureña Biblioteca Nacional Pedro Henríquez Ureña En catalogación 19.07.2018 S486r 2023-0305 19.01.2023 19.01.2023 Libro e.4 Donado por CERTV  

Con tecnología Koha